[Event "Let's Play 895"]
[Site "http://www.queenalice.com/game.php?id=1870133"]
[Date "2026.3.6"]
[Round "-"]
[White "digger"]
[Black "alterego"]
[Result "1-0"]
[WhiteElo "1634"]
[BlackElo "1625"]

1. d4 g6 2. e4 Bg7 3. c3 a6 4. Qb3 e6 5. Nf3 b5 6. Bf4 Ne7 7. Nbd2 Nbc6 8. e5
Na5 9. Qc2 O-O 10. b4 Nb7 11. a4 Nd5 12. Bg3 d6 13. axb5 c5 14. bxc5 dxc5 15. c4
Nb4 16. Qc3 Qb6 17. dxc5 Qxc5 18. Rb1 Na2 19. Qc2 Nb4 20. Qb3 a5 21. Be2 a4 22.
Qxb4 Qxb4 23. Rxb4 a3 24. Nb3 a2 25. Na1 Nc5 26. O-O Ne4 27. b6 Nxg3 28. fxg3
Bb7 29. c5 Rac8 30. Rc1 Bh6 31. Rc2 Be3+ 32. Kh1 Bxc5 33. Rb5 Be3 34. Rxc8 Bxc8
35. Ra5 Bxb6 36. Rxa2 Bb7 37. Rb2 Bxf3 38. gxf3 Bd4 39. Ra2 Bxe5 40. Nb3 Rc8 41.
Kg2 Rc3 42. Na5 Re3 43. Nc6 Bc7 44. Kf2 Bb6 45. Ne7+ Kg7 46. Kg2 Bc5 47. Nc8 Rc3
48. Na7 Rc1 49. Bf1 h5 50. Nc6 Bd6 51. Nd4 e5 52. Nb5 Be7 53. Rd2 Rb1 54. Rd7
Bf8 55. Nc7 Rb2+ 56. Kh3 Rf2 57. Bg2 e4 58. fxe4 Bb4 59. Ne8+ Kf8 60. Nc7 Kg7
61. Nd5 Bd2 62. Ne7 f6 63. Nf5+ Kf8 64. Nd4 g5 65. Rh7 g4+ 66. Kh4 Bg5+ 67. Kxh5
Rxg2 68. Kg6 Rd2 69. Ne6+ Kg8 70. Rg7+ Kh8 71. Rf7 Rxh2 72. Rf8# 1-0

[Event "Escacs 248"]
[Site "http://www.queenalice.com/game.php?id=1871358"]
[Date "2026.4.3"]
[Round "-"]
[White "alterego"]
[Black "digger"]
[Result "0-1"]
[WhiteElo "1554"]
[BlackElo "1604"]

1. d4 d5 2. g3 c6 3. Bg2 Nf6 4. Nf3 Nfd7 5. Bg5 f6 6. Bf4 g5 7. Nxg5 fxg5 8.
Bxg5 h6 9. Bh4 Bg7 10. Qd3 O-O 11. O-O Nb6 12. b4 Bf5 13. Qd2 Qd6 14. Nc3 e5 15.
a3 exd4 16. Na4 Nxa4 17. Rae1 Nd7 18. e4 dxe4 19. f3 exf3 20. Rxf3 Ne5 21. Rf2
Nc4 22. Qe2 Ne3 23. Bh1 Rae8 24. c3 Nxc3 25. Qh5 Re5 26. h3 Bxh3 27. Bg5 Bg4 28.
Qh4 hxg5 29. Qh2 Rxf2 30. Qxf2 Qf6 31. Qd2 Re7 32. Qb2 b5 33. Bxc6 a6 34. Qb3+
Kh8 35. Qb2 Qxc6 36. Qh2+ Kg8 37. Qd2 Qe8 0-1

[Event "Escacs 249"]
[Site "http://www.queenalice.com/game.php?id=1871359"]
[Date "2026.4.3"]
[Round "-"]
[White "digger"]
[Black "alterego"]
[Result "0-1"]
[WhiteElo "1618"]
[BlackElo "1597"]

1. e3 g6 2. d4 Bg7 3. Qf3 Nf6 4. c3 a6 5. Bc4 O-O 6. Bd2 b5 7. Bb3 Nc6 8. Ne2
Ra7 9. c4 Bb7 10. Qh3 Ne4 11. O-O Nxd4 12. Re1 Nxd2 13. Nxd2 Nxb3 14. Nxb3 Bxb2
15. Rab1 Ba3 16. Red1 d6 17. Na5 Bc8 18. cxb5 Bxh3 19. gxh3 c5 20. Nc6 Qc7 21.
Nxa7 Qxa7 22. b6 Qb7 23. Rd3 Bb4 24. a3 Ba5 25. Rdb3 c4 26. R3b2 Rc8 27. Rc2
Bxb6 28. Nc3 Qc6 29. Rcb2 Ba5 30. Ne2 Qc5 31. h4 Qh5 32. Nd4 c3 33. Rc2 Qg4+ 34.
Kf1 Qh3+ 35. Kg1 e5 36. Ne2 Rc4 37. Rb3 Rg4+ 38. Ng3 Rxh4 39. f3 Qe6 40. Rb8+
Kg7 41. e4 Qc4 42. Rb1 Qd3 43. Rcc1 Qxf3 44. Rf1 Qe3+ 45. Kh1 c2 46. Rbc1 Qd2
47. h3 Rxh3+ 48. Kg1 Qh2# 0-1

[Event "Let's Play 905"]
[Site "http://www.queenalice.com/game.php?id=1871772"]
[Date "2026.4.12"]
[Round "-"]
[White "digger"]
[Black "Ruusgugg"]
[Result "1-0"]
[WhiteElo "1553"]
[BlackElo "1456"]

1. Nc3 c5 2. Nf3 b5 3. e4 b4 4. Nb5 a6 5. Nbd4 cxd4 6. Nxd4 Bb7 7. f3 Qb6 8. c3
e6 9. Qa4 Nc6 10. Nxc6 Bxc6 11. Qb3 a5 12. cxb4 a4 13. Qc3 Bxb4 14. Qxg7 O-O-O
15. Qxh8 f6 16. Qxh7 d5 17. Bd3 dxe4 18. Bxe4 Bxe4 19. Qxe4 Rd4 20. Qc2+ Kd8 21.
a3 Bc5 22. Qc3 Rd6 23. b4 Bf2+ 24. Kd1 Qb5 25. Bb2 Rd3 26. Qc2 Qd7 27. Bc3 f5
28. Kc1 Ne7 29. Bf6 Be3 30. dxe3 Qa7 31. Qxd3+ Ke8 32. Rd1 Kf7 33. Bd4 Qc7+ 34.
Bc5 Qxc5+ 35. bxc5 1-0

[Event "Let's Play 907"]
[Site "http://www.queenalice.com/game.php?id=1871774"]
[Date "2026.4.17"]
[Round "-"]
[White "digger"]
[Black "alterego"]
[Result "0-1"]
[WhiteElo "1566"]
[BlackElo "1649"]

1. Nf3 g6 2. e4 Bg7 3. c3 e6 4. Bc4 Ne7 5. e5 a6 6. O-O b5 7. Bb3 Bb7 8. d4 Nbc6
9. Re1 Na5 10. Bc2 Nc4 11. b3 Nb6 12. Re3 Nbd5 13. Re2 O-O 14. c4 Nb4 15. Na3
Nxc2 16. Nxc2 Nf5 17. Qd3 bxc4 18. bxc4 d5 19. cxd5 Bxd5 20. Nb4 Bb7 21. Ng5
Nxd4 22. Re4 c5 23. Nc2 Bxe4 24. Qxe4 Nxc2 25. Qxc2 f6 26. Nxe6 Qb6 27. Nxf8
Bxf8 28. Rb1 Qe6 29. Qe4 Rd8 30. Be3 f5 31. Qa4 c4 32. f4 c3 33. Rc1 Rd3 34. Re1
Kg7 35. Qc2 Rxe3 36. Re2 Bc5 37. a4 Rxe2+ 0-1

[Event "Let's Play 908"]
[Site "http://www.queenalice.com/game.php?id=1871775"]
[Date "2026.4.17"]
[Round "-"]
[White "alterego"]
[Black "digger"]
[Result "1-0"]
[WhiteElo "1683"]
[BlackElo "1565"]

1. d4 d5 2. c4 Nf6 3. c5 c6 4. g3 b6 5. Nf3 e6 6. Bg2 bxc5 7. Bg5 h6 8. Bf4 Qa5+
9. Nbd2 Nbd7 10. O-O Ba6 11. Nb3 Qb4 12. a3 Qc4 13. Nfd2 Qxe2 14. Qxe2 Bxe2 15.
Rfe1 Bd3 16. Na5 cxd4 17. Nxc6 Bc5 18. Nb3 a6 19. Nbxd4 O-O 20. b4 Bxd4 21. Nxd4
g5 22. Bd6 Rfd8 23. Nc6 Rdc8 24. Ne7+ Kh7 25. Re3 Bc2 26. Nxc8 Rxc8 27. Rc1 d4
28. Re2 d3 29. Rd2 Nb6 30. Be5 Ng4 31. Bd4 Nd7 32. Be4+ Kg8 33. Bxd3 e5 34. Ba7
Ngf6 35. Bxc2 e4 36. Bd4 Nf8 37. Bxf6 Ne6 38. Re1 Rc4 39. Bxe4 Rc8 40. Bb7 Rb8
41. Bxa6 Kf8 42. Be5 Re8 43. Rd7 g4 44. Bc4 Ng5 45. Bd6+ Kg7 46. Rxe8 Nf3+ 47.
Kg2 Kf6 48. Rxf7+ Kg6 49. Rg8+ Kh5 50. Rf5+ Ng5 51. Bf7# 1-0

[Event "Let's Play 909"]
[Site "http://www.queenalice.com/game.php?id=1872223"]
[Date "2026.4.28"]
[Round "-"]
[White "digger"]
[Black "alterego"]
[Result "1-0"]
[WhiteElo "1554"]
[BlackElo "1704"]

1. d4 g6 2. e4 Bg7 3. c3 e6 4. Nf3 Ne7 5. Bb5 a6 6. Ba4 b5 7. Bb3 Bb7 8. Nbd2
O-O 9. a3 Nbc6 10. Qe2 Na5 11. Bc2 d5 12. e5 f6 13. exf6 Rxf6 14. O-O Qd6 15. b4
Nac6 16. Nb3 Raf8 17. Nc5 Bc8 18. Ne5 Rxf2 19. Rxf2 Nf5 20. Nxc6 Qxc6 21. Bxf5
exf5 22. Bg5 Re8 23. Qd1 Qd6 24. Re2 Rf8 25. Be7 Qf4 26. Bxf8 Bxf8 27. Nd3 Qh4
28. Qf1 Bd6 29. Ne5 c5 30. Nf3 Qh6 31. Re8+ Kg7 32. Rxc8 Qe3+ 33. Kh1 Qxc3 34.
dxc5 Kh6 35. Qc1+ Qxc1+ 36. Rxc1 Bf4 37. Rd1 Kh5 38. Rxd5 h6 39. g3 Bc1 40. Rd3
Kg4 41. Rc6 1-0